00619 2200229 4500001002100000005001500021035002000036007000300056008004100059020002200100082001200122084001800134100002000152245007800172250001000250260003800260300002700298504003100325990001100356990001100367990001100378INLIS00000000000401020190821111112 a0010-0819000153ta190821 g 0 ind  a978-602-0869-58-2 a364.132 a364.132 DAR r0 aDARU, Wijayanti1 aRevolusi Mental :bMenumbuhkembangkan Jiwa Anti Korupsi /cDaru Wijayanti acet.1 aYogyakarta :bIndoliterasi,c2016 aiv, 249 hlm. ;c21 cm. aBibliografi : hlm. 239-249 a6128 a a6128 b a6128 c